000 00880nam a2200205Ia 4500
001 11108
003 GE_BSU
008 181216s||||||||xx |||||||||||||| ||und||
040 _cGE_BSU
080 _a631.6(075.8)
100 _aსხირტლაძე,ს. ფარცვანია,შ.
245 _aმელიორაციულ სამუშაოთა მექანიზაცია და ორგანიზაცია.
245 _bსახელმძღვ.სას-სამ. ინ-ტის.სტუდენტებისათვის.
260 _aთბილისი.
260 _bგანათლება.
260 _c1977.
300 _a364გვ;22სმ.
653 _aმელიორაციულ სამუშაოთა მექანიზაცია და ორგანიზაცია.
942 _cBK
999 _c44347
_d44347